000 00718nam a2200205 i 4500
001 159501
003 ES-MaACL
005 20230906211631.0
008 010712s1895 fr a |||| | fre d
040 _aCCPB | B
_bspa
_cCCPB | B
100 1 _aMerson, Olivier.
_9129864
245 1 4 _aLes vitraux /
_cpar Olivier Merson.
260 _aParis :
_bLibrairies-Imprimeries Réunies,
_c1895.
300 _a314 p. :
_bil. ;
_c21 cm.
490 1 _aBibliotheque de l'enseignement des beaux-arts
650 4 _aVidrios artísticos.
_9136983
830 0 _aBibliotheque de l'enseignement des beaux-arts
_9181140
852 _aES-MaACL
_jB-2515
_z-- Enc. tela granate con estampaciones en negro y dorado
999 _c159501
_d159501